The best of manager's toolbox
| Format: | Book |
|---|---|
| Language: | English |
| Published: |
Singapore :
ASM Group
1994
|
| Edition: | Second Edition |
| Subjects: |
MARC
| LEADER | 00000cam a2200000 7i4500 | ||
|---|---|---|---|
| 001 | 0000002870 | ||
| 005 | 20240926.0 | ||
| 008 | 991201 si a eng | ||
| 040 | |a INS |b eng |e rda | ||
| 090 | 0 | 0 | |a HD31 |b .B561 1994 |
| 245 | 0 | 4 | |a The best of manager's toolbox |c the editors of World Executives Digest |
| 250 | |a Second Edition | ||
| 264 | 1 | |a Singapore : |b ASM Group |c 1994 | |
| 300 | |a 139 pages : |b illustrations ; |c 21 cm. | ||
| 336 | |a text |2 rdacontent | ||
| 337 | |a unmediated |2 rdamedia | ||
| 338 | |a volume |2 rdacarrier | ||
| 650 | 0 | |a Management | |
| 999 | |a 0000005764 |b BOOK |c Open Shelf |e Default branch | ||